Zelený marketing bakalárska práca

Gespeichert in:
Bibliographische Detailangaben
1. Verfasser: Lorincová, Petra
Körperschaft: Obchodná fakulta EU. Katedra medzinárodného obchodu
Weitere Verfasser: Pásztorová, Janka, 1960-
Format: Buch
Sprache:Slowakisch
Veröffentlicht: Bratislava 2014
Tags: Tag hinzufügen
Keine Tags, Fügen Sie das erste Tag hinzu!

MARC

LEADER 00000nbm a2200000 4500
001 0188363
005 20170315090444.4
041 0 |a slo 
044 |a SK 
245 1 0 |a Zelený marketing  |b bakalárska práca  |c Petra Lorincová ; školiteľ: Janka Pásztorová 
264 1 |a Bratislava  |c 2014 
300 |a 71 s. 
100 1 |a Lorincová, Petra 
700 1 |a Pásztorová, Janka, 1960- 
710 2 |a Obchodná fakulta EU. Katedra medzinárodného obchodu